Why Prejudice against the Reservation Policy?/ (Record no. 201849)

MARC details
000 -LEADER
fixed length control field 00606nam a22002057a 4500
005 - DATE AND TIME OF LATEST TRANSACTION
control field 20240401144417.0
010 ## - LCCN (DPL NO)
LC control number ENG-139988
020 ## - INTERNATIONAL STANDARD BOOK NUMBER
Terms of availability 25.00
International Standard Book Number 9789383657339
035 ## - SYSTEM CONTROL NUMBER
System control number EN-123520
037 ## - SOURCE OF ACQUISITION
Source of stock number/acquisition DBAD
082 ## - DEWEY DECIMAL CLASSIFICATION NUMBER
Classification number 305.56
Edition number 1
100 ## - MAIN ENTRY--PERSONAL NAME
Personal name Thorat, Sukhadeo
245 ## - TITLE STATEMENT
Title Why Prejudice against the Reservation Policy?/
Statement of responsibility, etc Sukhadeo Thorat
250 ## - EDITION STATEMENT
Edition statement 1
260 ## - PUBLICATION, DISTRIBUTION, ETC. (IMPRINT)
Place of publication, distribution, etc New Delhi
Name of publisher, distributor, etc Critical Quest
Date of publication, distribution, etc 2017
270 ## - ADDRESS
Address 420,G-Block, Phase VI, Aya Nagar
City New Delhi
Postal code 110047
300 ## - PHYSICAL DESCRIPTION
Extent 32p;
Dimensions 21(pb)
700 ## - ADDED ENTRY--PERSONAL NAME
Personal name Thorat Sukhadeo
9 (RLIN) 63972
942 ## - ADDED ENTRY ELEMENTS (KOHA)
Source of classification or shelving scheme Dewey Decimal Classification
Item type English Books
Classification part 305.56
Call number suffix THO
Edition 1
Holdings
Withdrawn status Lost status Not for loan Collection code Home library Current library Date acquired Source of acquisition Cost, normal purchase price Full call number Barcode Copy number Cost, replacement price Koha item type
      Non-fiction Bawana Bawana 01/04/2024 DBAD/PUB 25.00 305.56 THO EN-123520 1 25.00 English Books

© Delhi Public Library
Hit Counter
free hit counter